[Event "Havana Province Oeste zt"]
[Site "Havana"]
[Date "2009.10.14"]
[Round "9"]
[White "Castro Regalado, Alberto"]
[Black "Ruiz, Luis"]
[Result "1/2-1/2"]
[WhiteElo "2078"]
[BlackElo "2038"]
[PlyCount "48"]
[EventDate "2009.10.03"]
[EventType "swiss"]
[EventRounds "9"]
[EventCountry "CUB"]
[SourceTitle "EXT 2012"]
[Source "ChessBase"]
[SourceDate "2011.11.24"]
[SourceVersion "1"]
[SourceVersionDate "2011.11.24"]
[SourceQuality "1"]

1. e4 c5 2. Nf3 Nc6 3. d4 cxd4 4. Nxd4 Nf6 5. Nc3 g6 6. Be3 Bg7 7. f3 d6 8. Qd2 Qa5 9. Nb3 Qd8 10. Bh6 Kf8 11. 0-0-0 a5 12. a4 Be6 13. h4 Bxb3 14. cxb3 Nh5 15. Bc4 Rc8 16. Kb1 Ne5 17. Bb5 Rc5 18. Bxg7+ Kxg7 19. Qd4 f6 20. Qxc5 dxc5 21. Rxd8 Rxd8 22. Ne2 Kf8 23. Kc2 Ng7 24. Nf4 Rd6 1/2-1/2